000 00678nam a2200217 i 4500
001 87313
003 ES-MaACL
005 20230906175638.0
007 t|
008 041221s1941 mx ||||1| spa d
100 1 _aKranenburg, R.
_968735
245 1 0 _aTeoría Política /
_cR. Kranenburg ; versión española de Juan Bazant.
250 _a[1ª ed. española].
260 _aMéxico :
_bFondo de Cultura Económica,
_c[1941] (
_fGráf. Panamericana)
300 _a258 p. ;
_c20 cm.
490 1 _aManuales introductorios
700 1 _aBazant, Juan.
_926741
830 0 _aManuales introductorios
_9184034
852 _aES-MaACL
_jD-6337
_bR.30406
999 _c87313
_d87313